000 00664nam a2200229 i 4500
001 C2-0257585
003 PPAK
005 20180727224519.0
008 040827s2004 my |||| ||||| | may d
020 _a9678914867
040 _aPPAK
_beng
_cPPAK
_erda
082 0 4 _a959.5
_223
090 0 0 _a959.5
_bMAL
_dR
245 0 0 _aMalaysia kita :
_bpanduan dan rujukan untuk peperiksaan am kerajaan
264 1 _aPetaling Jaya, Selangor :
_bInternational Law Book Services ,
_c2004
300 _a598 pages ;
_c23 cm
336 _2rdacontent
_atext
337 _2rdamedia
_aunmediated
338 _2rdacarrier
_avolume
650 1 0 _aMalaysia - History
942 _ddc
_cB
999 _c69383
_d69383